|
|
|
|
| LEADER |
00000nam a2200000Ia 4500 |
| 008 |
160831b1994 m ||||| |||| 00| | spa d |
| 020 |
|
|
|a 9682305896
|
| 090 |
|
|
|a 153
|b P579b-11
|
| 100 |
1 |
|
|9 639
|a Piaget, Jean
|
| 245 |
1 |
0 |
|a Biología y conocimiento : ensayo sobre las relaciones entre las regulaciones orgánicas y los procesos cognoscitivos
|
| 250 |
|
|
|a 11 edición
|
| 260 |
|
|
|a México :
|b Siglo Veintiuno Editores,
|c 1994
|
| 300 |
|
|
|a 338 páginas
|
| 650 |
1 |
4 |
|a BIOLOGÍA
|9 40
|
| 650 |
1 |
4 |
|a CONOCIMIENTO
|9 42
|
| 650 |
1 |
4 |
|a METODOLOGÍA
|9 285
|
| 650 |
1 |
4 |
|a EPISTEMOLOGÍA
|9 562
|
| 650 |
1 |
4 |
|a COMPORTAMIENTO
|9 298
|
| 650 |
1 |
4 |
|a PERCEPCIÓN
|9 909
|
| 942 |
|
|
|i 432523
|h 153 P579b-11
|2 z
|c 01
|
| 999 |
|
|
|c 390
|d 390
|